000 00834nam a2200289Ia 4500
005 20260324135149.0
008 008 260324s9999 xx 000 0 eng d
020 _a9781315002781
037 _aEBOOK
040 _aCRL
040 _beng
040 _cCRL
041 _2eng
041 _aeng
084 _qCRL
100 _aDon Rubin (General Editor); Irving Brown (Consulting Bibliographer); Natasha Rappaport (Bibliographer); Rosabel Wang (Consulting Bibliographer)
_91199574
245 0 _aWorld Encyclopedia of Contemporary Theatre
245 0 _bVolume 6: Bibliography and Cumulative Index
260 _bTaylor and Francis
260 _c2000
365 _a
365 _b450
856 _uhttp://www.taylorfrancis.com/books/9781315002781
942 _cEBOOK
999 _c1800368
_d1800368